000 01692nkm a2200337 i 4500
001 3474
003 ES-MaACL
005 20250713062728.0
007 khrbo
008 051102s1985 sp --- g |001||spa d
100 0 _aAlfonso,
_d1902-1990
_919858
245 1 0 _aAspecto mundial de la obra de Cirilo y Metodio
_b: ; El lenguaje de Cirilo y Metodio ; La pintura en los manuscritos antiguos búlgaros en la obra de Cirilo y Metodio [
_hFotografía] /
_cAlfonso (sello).
260 _a[S.l. :
_bs.n.],
_c1985.
300 _a5 fot. :
_bb. y n. ;
_c12 x 18 cm.
490 1 _aConmemoración del 1.100 aniversario de la muerte de Metodio
500 _aDatos basados en invitación.
511 0 _aIntervienen: Nicolay Todorov, Antonio Tovar, Akcinia Dyurova.
518 _aActo organizado por el Ateneo de Madrid en colaboración con la Embajada de la República Popular de Bulgaria, celebrado en el salón de actos el miércoles, 22 de mayo de 1985, a partir de las 20:00 h.
600 1 4 _aTodorov, Nicolay.
_9110412
600 1 4 _aTovar, Antonio,
_d1911-1985
_9111167
600 1 4 _aDyurova, Akcinia.
_946423
610 2 4 _aAteneo de Madrid-
_xActos culturales-
_y1985-
_vFotografías.
_91900
710 2 _aAteneo de Madrid.
_91875
710 1 _aBulgaria.
_bEmbajada (España)
_92251
740 3 _aEl lenguaje de Cirilo y Metodio.
740 3 _aLa pintura en los manuscritos antiguos búlgaros en la obra de Cirilo y Metodio.
830 0 _aConmemoración del 1.100 aniversario de la muerte de Metodio
_9176810
852 _aES-MaACL
_jFOT 38/1985
856 4 _uhttp://www.ateneodemadrid.net/biblioteca_digital/imagenes/1985/0038-1985.jpg
_zVer imagen
999 _c3474
_d3474